| 000 | 01301nam a2200289 a 4500 | ||
|---|---|---|---|
| 001 | BRCA_53 | ||
| 005 | 20190320202850.0 | ||
| 008 | 010208s2007----fr-a#####r---f001-0#fre-# | ||
| 020 | _a9782742765270 | ||
| 020 | _a9782915133462 (Musée du quai Branly) | ||
| 040 |
_aDLC _cDLC _dDLC |
||
| 050 | 4 |
_aF1376 _b.Y93 2007 |
|
| 245 | 1 | 0 |
_aLe Yucatán est ailleurs _bexpéditions photographiques (1857-1886) de Désiré Charnay _c[sous la direction de Christine Barthe]. |
| 260 |
_a[París] _bMusée du quai Branly : Actes Sud _cc2007 |
||
| 300 |
_a70, [26] p. _bil. (algunas a color), 1 mapa _c26 cm. |
||
| 440 | 0 |
_aLa Collection du musée du quai Branly _9246 |
|
| 500 | _aIncluye cronología de Désiré Charnay y lista de obra | ||
| 504 | _aBibliografía : p. [90-91] | ||
| 600 | 1 | 4 |
_aCharnay, Désiré _d1828-1915 _vExposiciones _xColecciones fotográficas _9247 |
| 600 | 1 | 4 |
_aCharnay, Désiré _d1828-1915 _xViajes _zMéxico - Yucatán (Estado) _9248 |
| 610 | 2 | 4 |
_aMusée du quai Branly _vExposiciones _9249 |
| 650 | 1 | 4 |
_aFotografía documental _vExposiciones _zMéxico - Yucatán (Estado) _9250 |
| 650 | 1 | 4 |
_aColecciones fotográficas _vExposiciones _zFrancia - París _9251 |
| 651 | 4 |
_aYucatán (México : Estado) _vExposiciones _xDescripción y viajes _9252 |
|
| 700 | 1 |
_aBarthe, Christine _9253 |
|
| 942 |
_2lcc _cB |
||
| 999 |
_c53 _d53 |
||